{"text_format":"3","workbook":"xlsx","n_sheets":1,"sheets":["年度计划第三批"],"not_rendered":{"defined_names":1},"read":"whole","date_system":"1900"}

{"sheet":"年度计划第三批","index":0,"n_rows":73,"n_cols":6,"rows_kept":73}
["序号","申请设备名称","数量","单位","预算单价（万元）","预算金额（万元）"]
[1,"心肺复苏机",3,"台",{"v":14,"d":"14.00"},{"v":42,"d":"42.00"}]
[2,"口腔CT",1,"台",{"v":80,"d":"80.00"},{"v":80,"d":"80.00"}]
[3,"磁共振膝关节线圈",1,"个",{"v":30,"d":"30.00"},{"v":30,"d":"30.00"}]
[4,"染色体自动制备系统",1,"套",{"v":180,"d":"180.00"},{"v":180,"d":"180.00"}]
[5,"4K超高清外科影像系统",1,"套",{"v":65,"d":"65.00"},{"v":65,"d":"65.00"}]
[6,"眼科AB型超声诊断仪",1,"台",{"v":10,"d":"10.00"},{"v":10,"d":"10.00"}]
[7,"眼前后节光学相干断层扫描仪",1,"台",{"v":172,"d":"172.00"},{"v":172,"d":"172.00"}]
[8,"高倍手术显微镜",1,"台",{"v":45,"d":"45.00"},{"v":45,"d":"45.00"}]
[9,"超乳手柄",8,"个",{"v":12,"d":"12.00"},{"v":96,"d":"96.00"}]
[10,"生物测量仪",1,"台",{"v":80,"d":"80.00"},{"v":80,"d":"80.00"}]
[11,"血细胞分离机",1,"台",{"v":40,"d":"40.00"},{"v":40,"d":"40.00"}]
[12,"血细胞分离机",1,"台",{"v":40,"d":"40.00"},{"v":40,"d":"40.00"}]
[13,"荧光定量PCR仪",1,"台",{"v":25,"d":"25.00"},{"v":25,"d":"25.00"}]
[14,"胸腹主动脉瘤器械",1,"批",{"v":35,"d":"35.00"},{"v":35,"d":"35.00"}]
[15,"显微淋巴器械",1,"批",{"v":20,"d":"20.00"},{"v":20,"d":"20.00"}]
[16,"医用头灯放大镜",2,"套",{"v":6,"d":"6.00"},{"v":12,"d":"12.00"}]
[17,"微创搭桥手术器械",1,"批",{"v":100,"d":"100.00"},{"v":100,"d":"100.00"}]
[18,"微创瓣膜手术器械",1,"批",{"v":110,"d":"110.00"},{"v":110,"d":"110.00"}]
[19,"电子支气管镜",3,"条",{"v":35,"d":"35.00"},{"v":105,"d":"105.00"}]
[20,"呼吸机",3,"台",{"v":25,"d":"25.00"},{"v":75,"d":"75.00"}]
[21,"一氧化氮治疗仪",1,"台",{"v":45,"d":"45.00"},{"v":45,"d":"45.00"}]
[22,"心肺复苏机",1,"台",{"v":15,"d":"15.00"},{"v":15,"d":"15.00"}]
[23,"电子支气管内窥镜",2,"台",{"v":6.4,"d":"6.40"},{"v":12.8,"d":"12.80"}]
[24,"肺功能测试系统",2,"台",{"v":32,"d":"32.00"},{"v":64,"d":"64.00"}]
[25,"动态心电血压记录器",20,"台",{"v":2.2,"d":"2.20"},{"v":44,"d":"44.00"}]
[26,"十二导联心电分析系统",2,"台",{"v":18,"d":"18.00"},{"v":36,"d":"36.00"}]
[27,"动态心电图仪",30,"台",{"v":1.2,"d":"1.20"},{"v":36,"d":"36.00"}]
[28,"体表标测心电图\n检测系统",2,"台",{"v":4.8,"d":"4.80"},{"v":9.6,"d":"9.60"}]
[29,"体位血压测定系统",1,"台",{"v":7,"d":"7.00"},{"v":7,"d":"7.00"}]
[30,"直肠取样钳",1,"套",{"v":8,"d":"8.00"},{"v":8,"d":"8.00"}]
[31,"血细胞分离机",1,"台",{"v":40,"d":"40.00"},{"v":40,"d":"40.00"}]
[32,"全自动样品处理系统",1,"台",{"v":18,"d":"18.00"},{"v":18,"d":"18.00"}]
[33,"样本处理及孵育系统",1,"台",{"v":15,"d":"15.00"},{"v":15,"d":"15.00"}]
[34,"全温控监测智能化血浆解冻仪",1,"台",{"v":15,"d":"15.00"},{"v":15,"d":"15.00"}]
[35,"显微手术器械",1,"套",{"v":45,"d":"45.00"},{"v":45,"d":"45.00"}]
[36,"体外受精超净工作站",1,"台",{"v":42,"d":"42.00"},{"v":42,"d":"42.00"}]
[37,"医用离心机",6,"台",{"v":6.6,"d":"6.60"},{"v":39.6,"d":"39.60"}]
[38,"透析干体重评估仪",1,"台",{"v":22,"d":"22.00"},{"v":22,"d":"22.00"}]
[39,"自动腹膜透析机",1,"台",{"v":5,"d":"5.00"},{"v":5,"d":"5.00"}]
[40,"腹膜透析机",1,"台",{"v":10,"d":"10.00"},{"v":10,"d":"10.00"}]
[41,"昏迷意识评估系统",1,"套",{"v":68,"d":"68.00"},{"v":68,"d":"68.00"}]
[42,"超声经颅多普勒血流分析仪",1,"台",{"v":62,"d":"62.00"},{"v":62,"d":"62.00"}]
[43,"视频脑电图仪",1,"台",{"v":32,"d":"32.00"},{"v":32,"d":"32.00"}]
[44,"双靶点磁刺激仪",1,"台",{"v":45,"d":"45.00"},{"v":45,"d":"45.00"}]
[45,"数字病理切片扫描仪",1,"台",{"v":40,"d":"40.00"},{"v":40,"d":"40.00"}]
[46,"全自动染色封片一体机",1,"台",{"v":32,"d":"32.00"},{"v":32,"d":"32.00"}]
[47,"多光谱皮肤镜图像处理工作站",1,"台",{"v":25,"d":"25.00"},{"v":25,"d":"25.00"}]
[48,"胰岛素泵",10,"台",{"v":2.5,"d":"2.50"},{"v":25,"d":"25.00"}]
[49,"男性疾病诊治系统",1,"套",{"v":290,"d":"290.00"},{"v":290,"d":"290.00"}]
[50,"阴茎硬度测量仪",1,"台",{"v":40,"d":"40.00"},{"v":40,"d":"40.00"}]
[51,"腹腔镜超声探头",1,"个",{"v":48,"d":"48.00"},{"v":48,"d":"48.00"}]
[52,"高端麻醉机",5,"台",{"v":48,"d":"48.00"},{"v":240,"d":"240.00"}]
[53,"心肺复苏机",2,"台",{"v":10.5,"d":"10.50"},{"v":21,"d":"21.00"}]
[54,"输液泵",25,"台",0.56,{"v":14,"d":"14.00"}]
[55,"患者升温系统",10,"台",{"v":1.5,"d":"1.50"},{"v":15,"d":"15.00"}]
[56,"动力系统附件",1,"台",{"v":14,"d":"14.00"},{"v":14,"d":"14.00"}]
[57,"便携式呼末二氧化碳检测仪",1,"台",{"v":3.5,"d":"3.50"},{"v":3.5,"d":"3.50"}]
[58,"电子支气管镜",2,"条",{"v":32,"d":"32.00"},{"v":64,"d":"64.00"}]
[59,"床旁电子支气管镜",4,"条",{"v":7.5,"d":"7.50"},{"v":30,"d":"30.00"}]
[60,"骨微动力系统",1,"套",{"v":50,"d":"50.00"},{"v":50,"d":"50.00"}]
[61,"医用头灯放大镜",4,"套",{"v":5,"d":"5.00"},{"v":20,"d":"20.00"}]
[62,"动态血压监护仪",21,"台",{"v":2.3,"d":"2.30"},{"v":48.3,"d":"48.30"}]
[63,"耳鼻喉高清显像系统",1,"套",{"v":114,"d":"114.00"},{"v":114,"d":"114.00"}]
[64,"前庭功能检查系统（眼震视图仪）",1,"套",{"v":48,"d":"48.00"},{"v":48,"d":"48.00"}]
[65,"咽鼓管压力测量仪",1,"台",{"v":28,"d":"28.00"},{"v":28,"d":"28.00"}]
[66,"胎儿/母亲动态心电检测仪",1,"台",{"v":55,"d":"55.00"},{"v":55,"d":"55.00"}]
[67,"HE染色封片一体机",1,"台",{"v":64,"d":"64.00"},{"v":64,"d":"64.00"}]
[68,"生物显微镜",1,"台",{"v":60,"d":"60.00"},{"v":60,"d":"60.00"}]
[69,"冰冻切片机",1,"台",{"v":22,"d":"22.00"},{"v":22,"d":"22.00"}]
[70,"双人共览显微镜",1,"台",{"v":20,"d":"20.00"},{"v":20,"d":"20.00"}]
[71,"冰冻染色机",1,"台",{"v":15,"d":"15.00"},{"v":15,"d":"15.00"}]
[72,null,{"$f":"SUM(C2:C72)","v":216},null,null,{"$f":"SUM(F2:F72)","v":{"v":3543.8,"d":"3543.80"}}]